| 000 | 01773nam0a2200349 i 4500 | ||
|---|---|---|---|
| 001 | RU\NLR\BIBL_A\011284943 | ||
| 005 | 20260409075924.0 | ||
| 010 |
_a9785906830951 _9500 |
||
| 021 |
_aRU _b2016-87707 _95760 |
||
| 035 | _a(NLR Aleph) 011284943 | ||
| 090 |
_a10889093 _c10889093 |
||
| 100 | _a20161201d2016 k y0rusy50 ca | ||
| 101 | 0 | _arus | |
| 102 | _aRU | ||
| 105 | _aa z 000zy | ||
| 200 | 1 |
_aАктивизация речевой деятельности детей с отсутствием вербальных средств общения _dActivization of speech activity of children lacking verbal communication means _eмонография _fГлухоедова О.С. _zeng |
|
| 210 |
_aМосква _cБиблио-Глобус _d2016 |
||
| 215 |
_a137, [3] с. _cил. _d21 |
||
| 300 | _aАвт. также на англ. яз.: Olga Glukhoedova | ||
| 300 | _aНа 4-й с. обл. авт.: Глухоедова О.С. - к.п.н., учитель-логопед | ||
| 320 | _aБиблиогр. в конце кн. (220 назв.) | ||
| 510 | 1 |
_6z11790 _aActivization of speech activity of children lacking verbal communication means _zeng |
|
| 606 | 1 |
_aДети с нарушением речи _xПедагогическое изучение _92305805 _3RU\NLR\AUTH\6601606367 |
|
| 606 |
_aДети с нарушением речи _xРазвитие речи _3RU\NLR\AUTH\661548416 _92611858 |
||
| 686 | 1 | _aЧ437.92 | |
| 686 | 1 | _aЧ437.1в6 | |
| 700 | 1 |
_7ca _8rus _aГлухоедова _bО. С. _gОльга Сергеевна _9166824 _3RU\NLR\AUTH\770166871 |
|
| 790 | 1 |
_7ba _8rus _aGluchoedova _bO. S. _gOl'ga Sergeevna _9166826 _3RU\NLR\AUTH\770166873 |
|
| 942 | _cBOOK | ||
| 980 | _aNBR | ||